|
|
|
|
| LEADER |
00000nam0a2200000 4500 |
| 001 |
678878 |
| 005 |
20250227153946.0 |
| 090 |
|
|
|a 678878
|
| 100 |
|
|
|a 20250227d1979 k||y0rusy50 ca
|
| 101 |
0 |
|
|a rus
|
| 102 |
|
|
|a RU
|
| 105 |
|
|
|a y z 001yy
|
| 181 |
|
0 |
|a i
|b e
|
| 182 |
|
0 |
|a n
|
| 183 |
|
0 |
|a nc
|2 RDAcarrier
|
| 200 |
1 |
|
|a Принципы многоэтапной оптимизации режимов энергетических систем в условиях неполной информации
|e предварительная публикация
|f М. Х. Валдма
|g Научный Совет по комплексной проблеме "Кибернетика" АН СССР
|
| 203 |
|
|
|a Текст
|b визуальный
|c непосредственный
|
| 210 |
|
|
|a Москва
|c Б. и.
|d 1979
|
| 215 |
|
|
|a 52 с.
|
| 283 |
|
|
|a volume
|2 RDAcarrier
|
| 320 |
|
|
|a Литература: с. 45-50
|
| 606 |
|
|
|a Энергетические системы
|x Режим работы
|x Оптимизация
|9 46290
|
| 610 |
1 |
|
|a многоэтапная оптимизация
|
| 610 |
1 |
|
|a математические модели
|
| 610 |
1 |
|
|a построение
|
| 610 |
1 |
|
|a вероятностная исходная информация
|
| 610 |
1 |
|
|a неопределенная исходная информация
|
| 610 |
1 |
|
|a метод плановых характеристик
|
| 675 |
|
|
|a 621.311.004.13
|v 4
|
| 700 |
|
1 |
|a Валдма
|b М. Х.
|
| 712 |
0 |
2 |
|a Академия наук СССР
|c (Ленинград/Москва)
|c (1925-1991)
|4 570
|9 23473
|b Научный Совет по комплексной проблеме "Кибернетика"
|
| 801 |
|
0 |
|a RU
|b 63413507
|c 20250227
|
| 830 |
|
|
|a Ретро2025Каталогизация Шило
|
| 850 |
|
|
|a 63413507
|
| 942 |
|
|
|c BK
|